000 01865nam a2200445 a 4500
001 001544046
003 AR-RoUNCS
005 20260602171503.0
007 ta
008 180404s2018 ag abo |r 00| 0 spa d
020 _a978-987-642-634-3
040 _aAR-BaBN
_bspa
_cAR-RoUNCS
041 _aspa
080 1 _a94(075.3)
_22016
245 0 0 _aHistoria II /
_c[Camila Perochena ... et al.].
260 _aCiudad Autónoma de Buenos Aires :
_bEdelvives,
_cc2018.
300 _a271 p. :
_bil., mapas, fot. ;
_c27 cm.
490 0 _aConvergente
505 _tLa era de las revoluciones /
_rCamila Perochena.
505 _tLa crisis de las monarquías ibéricas /
_rEduardo Minutella.
505 _tHacia la independencia de América Latina /
_rMarcela Ternavasio.
505 _tLa revolución en el Río de la Plata /
_rMarcela Ternavasio.
505 _tEuropa y América frente al nuevo orden mundial /
_rEugenia Younis Moreno.
505 _tDe las autonomías provinciales a la república /
_rMarcela Ternavasio.
505 _tLa expansión del capitalismo /
_rCarolina Biernat.
505 _tEl imperialismo y la dominación colonial /
_rCarolina Biernat.
505 _tLa organización de los estados latinoamericanos /
_rLorena Lardizábal.
505 _tAmérica Latina y la economía mundial /
_rEugenia Younis Moreno.
505 _tLa crisis de los regímenes oligárquicos /
_rLorena Lardizábal.
521 2 _aDestinado a estudiantes de nivel secundario.
650 7 _aHistoria
_2embne
655 7 _aLibros de texto
_2embne
700 1 _aPerochena, Camila
_eautora
700 1 _aMinutella, Eduardo,
_d1973-
_eautor
700 1 _aTernavasio, Marcela,
_d1960-
_eautora
700 1 _aYounis Moreno, María Eugenia
_eautora
700 1 _aBiernat, Carolina A.
_eautora
700 1 _aLardizábal, Lorena
_eautora
942 _2udc
_cOG
_n0
999 _c1037
_d1037